000 00525nam a22001697a 4500
005 20260204143918.0
008 251113b |||||||| |||| 00| 0 eng d
020 _a1-85604-370-3
100 _aSHEPHERD, ELIZABETH
245 _aMANAGING RECORDS: A HANDBOOK OF PRINCIPLES AND PRACTICE
260 _aLONDON
_bFACET
_c2003
300 _aXIV,318P.
500 _aINCLUDES INDEX
650 _a1. RECORDS - MANAGEMENT 2. ARCHIVES- ADMINISTRATION 3. INFORMATION RESOURCS MANAGENT
700 _aYEO, GEOFFREY
942 _2lcc
_cBK
999 _c216187
_d216187